00329nam a22001217a 4500082002700000245003200027260001700059300001200076526003700088526003700125526003700162650000800199 a613.63bMANcL-32,P-27 aManual of Army Health vol 2 aRawalpindi.: a1085 p. a0b0c0d613_630000000000000_MAN a0b0c0d613_630000000000000_MAN a0b0c0d613_630000000000000_MAN aMCE